| 000 | 01285nam0a22003731 4500 | ||
|---|---|---|---|
| 001 | RU\NLR\Evr\2626 | ||
| 005 | 20251202160538.0 | ||
| 035 | _a(NLR Aleph) 011419013 | ||
| 090 |
_a51506 _c51506 |
||
| 100 | _a20070829d1943 u y0rusy50 ca | ||
| 101 | 0 | _ayid | |
| 102 | _aRU | ||
| 105 | _ay ||||||||| | ||
| 200 | 1 |
_6a01 _7ba _aFar folk un heymland _fPerets Markish |
|
| 210 |
_6a01 _aMoskve _cDer emes _d1943 _7ba |
||
| 210 |
_6a01 _9z02 _aמאָסקווע _cדער עמעס _d1943 |
||
| 210 |
_9z02 _aМосква _cДер эмес _d1943 _7ca |
||
| 215 |
_a128 с. _d18 см. |
||
| 510 | 1 |
_6a01 _aפאר פאָלק אונ היימלאנד _fפּערעצ מארקיש |
|
| 541 | 1 |
_aЗа народ и Родину _zrus |
|
| 700 | 1 |
_6a01 _aМаркиш _bП. _f1895-1952 _gПерец _3RU\NLR\AUTH\7948854 _4070 _7ca |
|
| 790 | 1 |
_6a01 _aMarkish _bP. _gPerets _4070 _7ba |
|
| 790 | 1 |
_6a01 _aמארקיש _b.פּ _f1895-1952 _gפּרץ _4070 |
|
| 801 | 0 |
_aRU _bNLR _c20070829 _gpsbo |
|
| 801 | 0 |
_aRU _bNLR _gPSBO |
|
| 801 | 1 |
_aRU _bNLR _c20070829 _2rusmarc |
|
| 801 | 2 |
_aRU _bNLR _c20080217 _2rusmarc |
|
| 852 |
_aNLR _bОЛСАА/идиш _j2-48 |
||
| 942 | _cBOOK | ||
| 945 | _aРоссийская национальная библиотека | ||
| 980 | _aNB | ||
| 980 | _aBV | ||
| 980 | 1 | _aIDISH | |